Loading...
| History - World | 0 | 6 | 0 | 0 | 60 | 17 | 63.67 | 1 | 3 | 0.00 | 0.00 |
| History - European | 0 | 5 | 1 | 0 | 45 | 23 | 55.40 | 0 | 2 | 0.00 | 0.00 |
| Geography | 0 | 4 | 0 | 0 | 40 | 61 | 81.00 | 0 | 0 | 0.00 | 0.00 |
| History - Other | 0 | 4 | 2 | 1 | 30 | 16 | 81.50 | 0 | 1 | 0.00 | 0.00 |
| History - American | 0 | 3 | 1 | 1 | 25 | 54 | 83.33 | 0 | 2 | 0.00 | 0.00 |
| Literature - World | 0 | 1 | 0 | 0 | 10 | 106 | 106.00 | 0 | 0 | 0.00 | 0.00 |
| Religion | 0 | 1 | 0 | 1 | 10 | 110 | 110.00 | 0 | 0 | 0.00 | 0.00 |
| Mythology | 0 | 1 | 0 | 0 | 10 | 53 | 53.00 | 0 | 1 | 0.00 | 0.00 |
| Science - Physics | 0 | 0 | 0 | 0 | 0 | 0.00 | 0 | 0 | 0.00 | 0.00 | |
| Literature - American | 0 | 1 | 2 | 0 | 0 | 116 | 116.00 | 0 | 0 | 0.00 | 0.00 |
| Current Events | 0 | 1 | 2 | 0 | 0 | 70 | 70.00 | 0 | 0 | 0.00 | 0.00 |